| 000 | 06050cam a22018734i 4500 | ||
|---|---|---|---|
| 003 | PE-LiUPU | ||
| 005 | 20250813165652.0 | ||
| 008 | 150625s r 000 0 d | ||
| 020 | _a847114901X | ||
| 035 | _a(Sirsi) i9788471149015 | ||
| 040 |
_aPE-LiUPU _bspa _cPE-LiUPU _erda |
||
| 049 | _aPRUA | ||
| 082 | 0 | 4 |
_a628.47 _bS38 _221 |
| 100 | 1 |
_aSeoánez Calvo, Mariano, _eautor. |
|
| 245 | 1 | 0 |
_aTratado de reciclado y recuperación de productos de los residuos : _bel reciclado en la naturaleza, el reciclado en el medio agrario .. / _cMariano Seoánez Calvo, con la colaboración de Elena Bellas Velasco, Pedro Ladaria Sureda, Pilar Seoánez Oliet. |
| 264 | 1 |
_aMadrid : _bMundi-Prensa, _c2000. |
|
| 300 |
_a605 páginas ; _c24 centímetros |
||
| 336 |
_atext _2rdacontent |
||
| 337 |
_aunmediated _2rdamedia |
||
| 338 |
_avolume _2rdacarrier |
||
| 490 | 0 | _aIngeniería del medio ambiente | |
| 504 | _aBibliografía: p. 587-597. | ||
| 505 | 0 | _aLas bases naturales del reciclado y su aplicación. -Los recursos y el reciclado. -Dinámica del reciclado en la naturaleza. -Los contaminantes, el reciclado y la recuperación en la naturaleza. -El suelo como medio y como autor de reciclado, aprovechamiento y recuperación de los productos. -El reciclado en los residuos agrarios. -Los residuos y el reciclado en el medio natural y en el medio ambiente. -Los ecosistemas industriales y urbanos: aproximación a las bases naturales del reciclado. -Tecnologías. -Tecnologías de reciclado y recuperación. -Reciclado y Recuperación a partir de los residuos urbanos. -Reciclado y recuperación a partir de los residuos industriales. -El reciclado y la recuperación en la legisación. -Casos prácticos y ejemplos de reciclado de residuos agrarios y de las industrias agroalimentarias. -Casos prácticos y ejemplos de reciclado de residuos urbanos. -El reciclado en el induatria del automóvil y en la automación. -Casos prácticos de reciclado en diversos tipos de industria. | |
| 526 | _aP203 | ||
| 526 | _aP200 | ||
| 526 | _aSEG65 | ||
| 526 | _aSEG64 | ||
| 526 | _aSEG63 | ||
| 526 | _aSEG62 | ||
| 526 | _aSEG61 | ||
| 526 | _aSEG60 | ||
| 526 | _aSEG59 | ||
| 526 | _aSEG58 | ||
| 526 | _aSEG57 | ||
| 526 | _aSEG56 | ||
| 526 | _aSEG55 | ||
| 526 | _aSEG54 | ||
| 526 | _aSEG53 | ||
| 526 | _aSEG52 | ||
| 526 | _aSEG51 | ||
| 526 | _aSEG50 | ||
| 526 | _aSEG49 | ||
| 526 | _aSEG48 | ||
| 526 | _aSEG47 | ||
| 526 | _aSEG46 | ||
| 526 | _aSEG24 | ||
| 526 | _aSEG23 | ||
| 526 | _aSEG22 | ||
| 526 | _aSEG21 | ||
| 526 | _aSEG20 | ||
| 526 | _aSEG19 | ||
| 526 | _aSEG18 | ||
| 526 | _aSEG17 | ||
| 526 | _aSEG16 | ||
| 526 | _aSEG14 | ||
| 526 | _aSEG13 | ||
| 526 | _aSEG12 | ||
| 526 | _aSEG11 | ||
| 526 | _aSEG10 | ||
| 526 | _aSEG09 | ||
| 526 | _aSEG06 | ||
| 526 | _aSEG05 | ||
| 526 | _aSEG04 | ||
| 526 | _aSEG03 | ||
| 526 | _aSEG02 | ||
| 526 | _aSEG68 | ||
| 526 | _aSEG66 | ||
| 526 | _aSEG45 | ||
| 526 | _aSEG25 | ||
| 526 | _aSEG01 | ||
| 526 | _aP163 | ||
| 526 | _aP162 | ||
| 526 | _aP161 | ||
| 526 | _aP160 | ||
| 526 | _aP159 | ||
| 526 | _aP158 | ||
| 526 | _aP157 | ||
| 526 | _aP156 | ||
| 526 | _aP155 | ||
| 526 | _aP154 | ||
| 526 | _aP153 | ||
| 526 | _aP152 | ||
| 526 | _aP151 | ||
| 526 | _aP150 | ||
| 526 | _aP149 | ||
| 526 | _aP142 | ||
| 526 | _aP141 | ||
| 526 | _aP140 | ||
| 526 | _aP139 | ||
| 526 | _aP138 | ||
| 526 | _aP137 | ||
| 526 | _aP132 | ||
| 526 | _aP131 | ||
| 526 | _aP130 | ||
| 526 | _aP126 | ||
| 526 | _aP125 | ||
| 526 | _aP124 | ||
| 526 | _aP123 | ||
| 526 | _aP115 | ||
| 526 | _aP122 | ||
| 526 | _aP121 | ||
| 526 | _aP116 | ||
| 526 | _a P114 | ||
| 526 | _aP112 | ||
| 526 | _aP111 | ||
| 526 | _aP104 | ||
| 526 | _aP103 | ||
| 526 | _aP102 | ||
| 526 | _aP101 | ||
| 526 | _aP100 | ||
| 526 | _aP96 | ||
| 526 | _aP95 | ||
| 526 | _aP93 | ||
| 526 | _aP92 | ||
| 526 | _aP91 | ||
| 526 | _aP88 | ||
| 526 | _aP83 | ||
| 526 | _aP82 | ||
| 526 | _aP79 | ||
| 526 | _aP78 | ||
| 526 | _aP75 | ||
| 526 | _aP74 | ||
| 526 | _aP71 | ||
| 526 | _aP69 | ||
| 526 | _a P51 | ||
| 526 | _aP49 | ||
| 526 | _aP48 | ||
| 526 | _aP47 | ||
| 526 | _aP33 | ||
| 526 | _aP31 | ||
| 526 | _a P30 | ||
| 526 | _aP29 | ||
| 526 | _aP27 | ||
| 526 | _aP26 | ||
| 526 | _aP25 | ||
| 526 | _aP24 | ||
| 526 | _a P22 | ||
| 526 | _aP10 | ||
| 526 | _aP09 | ||
| 526 | _a P08 | ||
| 526 | _aP06 | ||
| 526 | _aP05 | ||
| 526 | _aP04 | ||
| 526 | _aP01 | ||
| 541 | _g001-026129; | ||
| 541 | _g015-0012792; | ||
| 541 | _g0001-42330; | ||
| 650 | 0 | 4 | _aReciclado. |
| 910 |
_adbm _bksl _cksl _d20180111 |
||
| 942 |
_2ddc _cBOOK |
||
| 949 |
_a628.47 S38 _wDEWEY _c1 _i62953 _d2016-3-21 _e2016-3-21 _lCCODEBUL1 _mBUL _n2 _p78.00 _r0 _sY _tBOOK _u2015-6-25 _xINGENIERIA _PP24 _0COMPRA _o.STAFF. Colección General |
||
| 949 |
_a628.47 S38 _wDEWEY _c2 _i56994 _lCCODEBUL1 _mBUL _p113.00 _r0 _sY _tBOOK _u2015-6-25 _xINGENIERIA _PP24 _0COMPRA _o.STAFF. Colección General |
||
| 994 |
_aC0 _bPEPRU |
||
| 596 | _a1 | ||
| 999 |
_a628.47 S38 _wDEWEY _c46127 _i62953 _d46127 _e2016-3-21 _f2021-11-5 _g7 _lCCODEBUL1 _mBUL _n2 _p78.00 _r0 _sY _tBOOK _u2015-6-25 _xBIBLIOTECA _PP24 _0COMPRA _o.STAFF. Colección General |
||
| 999 |
_a628.47 S38 _wDEWEY _c2 _i56994 _f2021-11-5 _g7 _lCCODEBUL1 _mBUL _p113.00 _r0 _sY _tBOOK _u2015-6-25 _xBIBLIOTECA _PP24 _0COMPRA _o.STAFF. Colección General |
||
| 999 |
_a628.47 S38 _wDEWEY _c3 _i77957 _d2018-4-3 _f2019-12-11 _g3 _lDISCARD _mBUL _p60.65 _q1 _r1 _sY _tBOOK _u2018-1-11 _xINGENIERIA _PP24 _0COMPRA _o.STAFF. Colección Ingeniería y Arquitectura |
||
| 999 |
_a628.47 S38 _wDEWEY _c5 _i77958 _d2018-9-28 _e2018-9-28 _f2018-2-12 _g1 _kCHECKEDOUT _lCCODEBUL1 _mBUL _n1 _p60.65 _rM _sY _tBOOK _u2018-1-11 _xINGENIERIA _PP24 _0COMPRA _o.STAFF. Colección Ingeniería y Arquitectura |
||
| 980 |
_81 _gALBERTO SANCHEZ Responsable de Automatización |
||